000 004840000a22001930004500
001 004757
003 MACL
005 20150707160127.0
008 150707b xxu||||| |||| 00| 0 eng d
040 _aMACL
_cMACL
041 _aEnglish
082 _a307.7/SAR
100 _aDasgupta, Samira
_91277
245 _aSpectrum Of Tribal Bastar
_cSamira Dasgupta
260 _aDelhi
_c1996
_bAgam Kala Prakashan,
350 _a325
650 _aSocial Science
_91278
942 _k308
_cBK
_2ddc
999 _c16643
_d16643